Normal view
MARC view
- المدرسة-المجتمع
Entry Topical Term
001 - CONTROL NUMBER
- control field: 8465
003 - CONTROL NUMBER IDENTIFIER
- control field: JO-AjAnu
005 - DATE AND TIME OF LATEST TRANSACTION
- control field: 20230606071651.0
008 - FIXED-LENGTH DATA ELEMENTS
- fixed length control field: 230606|| aca||aabn | a|a d
040 ## - CATALOGING SOURCE
- Original cataloging agency: JO-AjAnu
- Transcribing agency: JO-AjAnu
150 ## - HEADING--TOPICAL TERM
- Topical term or geographic name entry element: المدرسة-المجتمع
670 ## - SOURCE DATA FOUND
- Source citation: Work cat.: (JO-AjAnu)4370: ديوي،جون مؤلف/الرحيم،أحمد حسن مترجم/ناصر،محمد مراجع/آل ياسين،محمد حسين تصدير, author 8464, المدرسة والمجتمع